Revista de la Universidad de San Carlos/
Gespeichert in:
| Körperschaft: | |
|---|---|
| Format: | Buch |
| Sprache: | Spanish |
| Veröffentlicht: |
Guatemala:
Universidad de San Carlos de Guatemala
|
| Schlagworte: | |
| Tags: |
Tag hinzufügen
Keine Tags, Fügen Sie den ersten Tag hinzu!
|
MARC
| LEADER | 00000nam a22000007a 4500 | ||
|---|---|---|---|
| 003 | cru CIDCACS/IIS | ||
| 005 | 20210927125455.0 | ||
| 007 | ta | ||
| 008 | 200806n gt |||p|r||||||0| ||spa|d | ||
| 040 | |c cru CIDCACS/IIS | ||
| 090 | |a REV0886 | ||
| 110 | 2 | |9 9389 |a Universidad de San Carlos de Guatemala | |
| 245 | 1 | |a Revista de la Universidad de San Carlos/ |c Universidad de San Carlos de Guatemala | |
| 260 | |a Guatemala: |b Universidad de San Carlos de Guatemala | ||
| 270 | |a Edificio de Rectoría. Tercer Nivel, of. 307. Ciudad Universitaria zona 12 |d Guatemala | ||
| 500 | |a EXISTENCIAS : 1988 (2-3) 1989 (5-8) 1990 (12-14) 1991 (13) | ||
| 500 | |a Colección Centroamérica | ||
| 650 | 4 | |9 3629 |a ARTE | |
| 650 | 0 | |9 3235 |a LITERATURA | |
| 650 | 0 | |9 1901 |a AMERINDIOS | |
| 650 | 0 | |9 4828 |a MEDIOS DE COMUNICACION | |
| 650 | 0 | |9 71 |a DESARROLLO ECONOMICO Y SOCIAL | |
| 650 | 0 | |9 944 |a EDUCACION | |
| 650 | 0 | |9 7209 |a ETNICIDAD | |
| 650 | 0 | |9 38 |a DERECHOS HUMANOS | |
| 650 | 0 | |9 136 |a HISTORIA | |
| 650 | 4 | |9 3350 |a EMBARAZO | |
| 651 | 0 | |9 308 |a CENTROAMERICA | |
| 942 | |2 ddc |c PP | ||
| 999 | |c 43295 |d 43295 | ||
